| 000 | 00574nam a2200169 a 4500 | ||
|---|---|---|---|
| 001 | 000044718 | ||
| 005 | 20201002045556.0 | ||
| 008 | 150107s2014 dr a 000 0 spa d | ||
| 040 |
_aDO-SdBNP _bspa _cBNPHU |
||
| 082 |
_axxxxxx _bxxxxxx |
||
| 100 | 1 |
_aPalamara, Battesimo _972716 |
|
| 245 | 1 | 3 |
_aLa Estafa Magnífica : _bensayo defensa de la soberanía / _cBattesimo Palamara. |
| 260 |
_aSanto Domingo : _bKarabú, _c2014. |
||
| 300 |
_a117 p : _bil. ; _c21 cm. |
||
| 500 | _aIncluye datos biográficos del autor en la solapa de la cubierta | ||
| 504 | _aBibliografías : p. 117 | ||
| 999 |
_c44207 _d44207 |
||